Derecho administrativo básico / José Bermejo Vera

por Bermejo Vera, José

ISBN: 84-88502-25-7
Publicado: Zaragoza : Kronos , 1995
Descripción Física: 386 p. ; 20 cm

MARC

LEADER 00000nam a2200000Ia 4500
001 19070
008 160829s1995 xx 000 0 cat d
020 |a 84-88502-25-7 
080 |a D-3-43 
100 |a Bermejo Vera, José  |9 44829 
245 |a Derecho administrativo básico / José Bermejo Vera 
260 |a Zaragoza :  |b Kronos,  |c 1995 
300 |a 386 p. ;  |c 20 cm 
650 0 |a Dret administratiu  |z Espanya  |9 23238 
901 |a Arxiu 
942 |n 1 
952 |0 0  |1 0  |4 0  |6 D343  |7 1  |9 52198  |a Arxiu  |b Arxiu  |d 2016-12-01  |l 0  |o D-3-43  |p 19070  |r 2016-12-01 00:00:00  |w 2016-12-01  |y ARXIU 
999 |c 56046  |d 56046